000 02590nam a2200301 4500
001 ESSALUD
007 ta
008 t2026 pe ||||| |||| 00| 0 spa d
040 _aBMG
041 _aspa
100 _aCastro Núñez, Michael Bryant
_eautor
_952683
245 _aFactores asociados a la resistencia de eritropoyetina en pacientes con enfermedad renal crónica en hemodiálisis
300 _apáginas 16-24
520 _aLos pacientes con enfermedad renal crónica (ERC) desarrollan resistencia a la eritropoyetina (αEPO), un evento asociado con la mortalidad. El objetivo del estudio fue identificar los factores que generan resistencia a αEPO en ERC en hemodiálisis (HD). Diseño longitudinal, retrospectivo y analítico. Se analizó una muestra de 56 pacientes con ERC en HD. Para determinar la resistencia a αEPO se calculó el índice de resistencia a la eritropoyetina (IRE). Se midió el hierro sérico y se clasificó a los pacientes con resistencia absoluta cuando mostraron saturación de transferrina (ST)< 10%, hemoglobina (Hb) < 11 e IRE ≥ 9,06, o con resistencia relativa cuando la ST estuvo entre 10 – 20%, Hb < 11 e IRE ≥ 9,06. Se detectó resistencia a la αEPO en el 28,5% de los pacientes. La prevalencia de anemia fue de 41,1%, de los cuales el 69,6% presentó IRE alta. El grupo de IRE alta mostró una elevada asociación con ferritina y calcio sérico; mientras que la concentración de hierro sérico es más baja (8,9 µM/L; 6,6 – 13,2). Los factores de riesgo asociados a IRE fueron: Hb <11 (OR=2,31; p<0,020) y ferritina (OR=1,001; p<0,001). El estudio evidenció una elevada resistencia a αEPO y una deficiencia de hierro sérico en pacientes con ERC en HD. El IRE alto se asoció significativamente con Hb, hierro, calcio sérico, ferritina. La concentración de hierro sérico actúa como factor protector de la resistencia a αEPO.
650 _aERITROPOYETINA
_948333
650 _aDIÁLISIS RENAL
_911785
650 _aINSUFICIENCIA RENAL CRÓNICA
_912357
650 _aHIERRO
_96617
700 _aGoyoneche Linares, Gabriela
_eautor
_952684
700 _aGranda Alacote, Ana
_eautor
_952685
700 _aMurillo Carrasco, Alexis Germán
_eautor
_952682
700 _aRufasto Goche, Katherine
_eautor
_952686
700 _aLiendo Liendo, Cesar
_eautor
_952687
700 _aArrunátegui Correa, Víctor
_eautor
_952688
700 _aDiaz-Obregón, Daysi
_eautor
_952689
773 0 _022497
_922595
_dLima : IETSI
_oCITES01
_tCiencia y Tecnología aplicada a la Salud Pública
_wESSALUD
_x3119-7981
942 _cARTICULOS
_e2026-06-11
_zAFC
999 _c22518
_d22518